00458nam a22001457a 450000500170000000800410001702000140005804100130007208200150008510000280010024500640012826000510019230000440024365000250028720231101073456.0231101b |||||||| |||| 00| 0 eng d a070210292 aEnglish  a346.7 MAC  aO'Donovan, B lEnglish  aMackeurtan's Sale of Goods in South Africa / cB O'Donovan  aCape Town : bJuta and Company Limited, c1972 bxxv, 367 pages ; c26 cm. e2 Editions  alegal practice bLaw